01205 a2200169 45000010006000000050017000060080041000230030015000640400040000790800104001192450027002232500011002502640036002613000019002975050698003161000021010143127020260407155619.0260407a1959 arg spa dAR-UNSa-BCEJYS aAR-UNSa-BCEJYSbspacAR-UNSa-BCEJYS a351.72xFinanzas públicas. Legislación (Contabilidad Pública, Administración financiera...)10aContabilidad Pública a2a. ed 1aBuenos Aires :bEl Ateneoc1959 a280 p.c23 cm. a1. Contabilidad pública - 2. La hacienda pública - 3. El organismo económico-administrativo del Estado - 4. El contralor con la hacienda pública - 5. El presupuesto de ejercicio - 6. Estructura del presupuesto general de la Nación - 7. Recursos del Estado - 8. Erogaciones del Estado - 9. El servicio del Tesoro - 10. Períodos y ejercicios administrativos - 11. Bienes del Estado - 12. El régimen contractual del Estado - 13. La contabilidad financiera - 14. Rendiciones de cuentas del poder administrador - 15. Juicio de cuentas a cargo del Tribunal de Cuentas - 16. La rendición de cuentas del poder administrador - 17. El Tribunal de Cuentas de la provincia de Buenos Aires 1 aArevalo, Alberto